011470000a22002650004500003000900000005001700009008004100026040002800067041000800095100003500103245020300138246008800341260005400429300002600483502010000509530002200609653002200631653002500653653001600678653002400694700004200718700004200760700004600802856003300848EG-GICUC20250223031033.0070123s2004 ua a f m 000 0 eng d aEG-GICUCbengcEG-GICUC0 aEng0 aAyman Taha Abd El azem Elgendi10aStudies on the fabrication of polyamide membranes using casting technique / cAyman Taha Abd El azem Elgendi ; Supervised Nabil Mahmoud Abd El monem , Ahmed Nasr Eldin Mahdy , Hala Ahmed Talaat Aziz15aدراسات عن تصنيع اغشية البولى اميد باسلوب الصب aCairo : bAyman Taha Abd El azem Elgendi , c2004 a120P : bill ; c30cm aThesis (M.Sc.) - Cairo University - Faculty Of Engineering - Department Of Chemical Engineering aIssued also as CD 4aCasting technique 4aChemical Engineering 4aFabrication 4aPolyamide membranes0 aAhmed Nasr Eldin Mahdy , eSupervisor0 aHala Ahmed Talaat Aziz , eSupervisor0 aNabil Mahmoud Abd El monem , eSupervisor uhttp://172.23.153.220/th.pdf